000 00498 a2200121 4500
001 ART_51055
005 20260410162019.0
008 260409a
245 1 0 _aPautas jurisprudenciales de la Corte Interamericana de Derechos Humanos en materia de protección de las niñas y niños víctimas de abuso sexual
100 1 _aTerragni, Martiniano
700 1 _aFreedman, Diego
773 0 _tTemas de derecho de familia, sucesiones y bioética
_g- Año 5, N° 7 (jul. 2020)
_wREV41029
999 _c32980
_d32980